| 000 | 00637nam a22002297a 4500 | ||
|---|---|---|---|
| 003 | UA-OsUOA | ||
| 001 | 96392 | ||
| 007 | ta | ||
| 008 | 20130319b un ||||| |||| 00| 0 ukr d | ||
| 090 |
_a82-94 _bУ11 |
||
| 942 | _cBK | ||
| 040 |
_aUA-OsUOA _bukr _cUA-OsUOA _dUA-OsUOA |
||
| 245 |
_aУ кольорах "помаранчевої революції" _cзаг. ред. Ю. Шаповал |
||
| 300 | _a308 с. | ||
| 955 | _a1 | ||
| 041 | _aukr | ||
| 080 | _a82-94 | ||
| 020 | _a966-7769-62-3 | ||
| 260 |
_aК. _bЕксОб _c2007 |
||
| 650 | 7 |
_a82 Література. Літературознавство _2UDC |
|
| 999 |
_c382652 _d382652 |
||